Epistolario de Antonio Agustín

Guardado en:
Bibliografiske detaljer
Hovedforfatter: Flores Sellés, Cándido
Format: Bog
Sprog:Undetermined
Udgivet: Salamanca, España Universidad de Salamanca 1980
Fag:
Tags: Tilføj Tag
Ingen Tags, Vær først til at tagge denne postø!

MARC

LEADER 00000nam a2200000Ia 4500
008 170316s9999 xx 000 0 und d
040 |a cru BVZT 
090 |a 862 F-14e 
100 |a Flores Sellés, Cándido 
245 |a Epistolario de Antonio Agustín 
260 |a Salamanca, España 
260 |b Universidad de Salamanca 
260 |c 1980 
300 |a 335 páginas 
650 |a LITERATURA ESPAÑOLA 
999 |c 9840  |d 9840 
942 |c 15 D  |h 862 F-14e  |2 z